| 000 | 00873nam a2200241 a 4500 | ||
|---|---|---|---|
| 999 |
_c12287 _d12287 |
||
| 001 | 12287 | ||
| 003 | BD-JhCC | ||
| 005 | 20230202134025.0 | ||
| 008 | 210922b20152019bg |||| ||a| 001 0 ben d | ||
| 020 | _a9789849117667 | ||
| 035 | _a(BD-JhCC)12287 | ||
| 040 |
_aBD-JhCC _dBD-JhCC |
||
| 041 | _abengali | ||
| 082 |
_a297.64 _bHAI 2019 |
||
| 100 | _aহাইলামায,রশীদ | ||
| 245 |
_a জীবন ও র্কম: _bআয়েশা রযিয়াল্লাহু আনহা / _cরশীদ হাইলামায, অনু: মুহাম্মদ আদম আলী । |
||
| 260 |
_aঢাকা: _bমাকতাবাতুল ফুরকান; _c২০১৯. |
||
| 300 |
_a312 p. : _c22 cm. |
||
| 650 | _aAyesh, Hazrat | ||
| 700 | _aআলী, মুহাম্মদ আদম | ||
| 942 |
_2ddc _cBK _03 |
||